Guía ilustrada de la historia moderna

Uloženo v:
Podrobná bibliografie
Hlavní autor: Lowe, Norman (autor)
Médium: Kniha
Jazyk:španělština
Vydáno: Ciudad de México Fondo de Cultura Económica 2010
Vydání:3a. ed
Edice:Sección de Obras de Historia
Témata:
Tagy: Přidat tag
Žádné tagy, Buďte první, kdo vytvoří štítek k tomuto záznamu!

MARC

LEADER 00000cam a2200000 a 4500
001 UCF3957
003 CL-VaPUC
008 121115e20100000MX |||||||||||||||||spa|d
020 |a 9786071605719 
082 0 4 |a 909  |b LOW  |2 21 
100 |a Lowe, Norman  |e autor  |9 565607 
245 1 0 |a Guía ilustrada de la historia moderna 
250 |a 3a. ed 
300 |a 1104 p 
942 |c BK 
945 |d 20121115 00:00:00  |a cmena 
260 |a Ciudad de México  |b Fondo de Cultura Económica  |c 2010 
650 0 |a Historia moderna  |9 268036 
650 0 |a Historia universal  |9 266877 
583 |a last modification  |c 20121115 10:00:00  |k Rodrigo Vera 
490 0 |a Sección de Obras de Historia 
999 |c 349985  |d 349983 
952 |0 0  |1 0  |4 0  |6 909_000000000000000_LOW_2010  |7 0  |8 A  |9 452891  |a BIBHIS  |b BIBHIS  |d 2019-11-22  |i 4923952  |o 909 LOW 2010  |p 4923952  |r 2025-01-20  |w 2019-11-22  |y BK  |k HIS